Têtes à claques - Statistics

General Stats
  • This quiz has been taken 15 times
  • The average score is 11 of 16
Answer Stats
Picture Answer % Correct
Gabriel
100%
Lucien
100%
Monique
100%
Raoul
100%
Oncle Tom
91%
Samuel
82%
Yvon
73%
Carole
64%
Jimmy
64%
Natacha
64%
Réjean
64%
Commandant Pichette
55%
Turcotte
55%
Ginette
45%
René-Charles
36%
Général Hébert
27%
No matching quizzes found
Score Distribution
Percent of People with Each Score
Percentile by Number Answered
Your Score History
You have not taken this quiz